जागतिक घडामोडी 1990 (Record no. 459811)

MARC details
000 -LEADER
fixed length control field 00506nam a2200145Ia 4500
008 - FIXED-LENGTH DATA ELEMENTS--GENERAL INFORMATION
fixed length control field 100204s9999 xx 000 0 und d
082 ## - DEWEY DECIMAL CLASSIFICATION NUMBER
Item number 15380
100 ## - MAIN ENTRY--PERSONAL NAME
Personal name नाईक जि. आ.
245 ## - TITLE STATEMENT
Title जागतिक घडामोडी 1990
260 ## - PUBLICATION, DISTRIBUTION, ETC. (IMPRINT)
Name of publisher, distributor, etc "मॅजेस्टिक प्रकाशन , मुंबई"
Date of publication, distribution, etc 1991
300 ## - PHYSICAL DESCRIPTION
Extent 212
630 ## - SUBJECT ADDED ENTRY--UNIFORM TITLE
Uniform title जागतिक घडामोडी 1990
730 ## - ADDED ENTRY--UNIFORM TITLE
Uniform title जागतिक घडामोडी 1990
942 ## - ADDED ENTRY ELEMENTS (KOHA)
Koha item type Book
Holdings
Withdrawn status Lost status Damaged status Not for loan Home library Current library Date acquired Cost, normal purchase price Total Checkouts Full call number Barcode Date last seen Cost, replacement price Price effective from Koha item type
        N. C. Kelkar Sarvajanik Library, Mulund N. C. Kelkar Sarvajanik Library, Mulund 02/04/2010 90.00   15380 NCKMULUND-15380 02/04/2010 90.00 02/04/2010 Book